Formula one drivers line-up 1986 - Statistics

General Stats
  • This quiz has been taken 142 times
  • The average score is 22 of 33
Answer Stats
Constructor Rounds Driver Nationality % Correct
McLaren All Keke Rosberg Finland
94%
McLaren All Alain Prost France
93%
Williams All Nigel Mansell UK
84%
Williams All Nelson Piquet Brazil
82%
Lotus All Ayrton Senna Brazil
78%
Ligier 1-9 Jacques Laffite France
75%
Ferrari All Stefan Johansson Sweden
75%
Osella 7-12, 14-16 Allen Berg Canada
73%
Ligier All René Arnoux France
73%
Brabham All Riccardo Patrese Italy
73%
Lola All Alan Jones Australia
70%
Tyrrell All Martin Brundle UK
70%
Ferrari All Michele Alboreto Italy
70%
Brabham 1-4 Elio de Angelis Italy
69%
Benetton All Gerhard Berger Austria
69%
Zakspeed All Jonathan Palmer UK
69%
Arrows All Thierry Boutsen Belgium
67%
Brabham 6-16 Derek Warwick UK
66%
Minardi All Andrea de Cesaris Italy
63%
Lola 7 Eddie Cheever USA
63%
Lola 1-6, 8-16 Patrick Tambay France
61%
Ligier 10-16 Philippe Alliot France
61%
Tyrrell All Philippe Streiff France
60%
Benetton All Teo Fabi Italy
58%
Minardi All Alessandro Nannini Italy
57%
AGS 13-14 Ivan Capelli Italy
57%
Lotus All Johnny Dumfries UK
57%
Arrows 1-5 Marc Surer Switzerland
55%
Zakspeed 3-16 Huub Rothengatter Netherlands
54%
Arrows 7-16 Christian Danner Germany
52%
Osella 1-6 Christian Danner Germany
52%
Osella All Piercarlo Ghinzani Italy
51%
Osella 13 Alex Caffi Italy
49%
No matching quizzes found
Score Distribution
Percent of People with Each Score
Percentile by Number Answered
Your Score History
You have not taken this quiz